000 01636cam a22004097a 4500
003 CHAP
005 20220329142154.0
008 000127d1999 mx a r 00110 spa d
010 _a79552
011 _a80524
035 _a90975
040 _cCHAP
090 _aTesis
100 0 0 _aEspinosa Fonseca, Laura.
_937927
245 1 0 _aInteracción de Rhizoglyphus robustus (Acaridae : Astigmata) con Selerotium cepivorum Berkeley causante de la pudrición blanca de la cebolla (Allium cepa L.) en laboratorio e invernadero en Chapingo, México
_c/por Laura Espinosa Fonseca
260 _aChapingo, Méx. :
_bEl autor,
_c1999.
300 _a64 h. :
_bilus.
502 _aTesis (Ing. Agr. Esp. en Parasitología Agrícola) -- UACH. Departamento de Parasitología Agrícola
590 _aALEPH
_b10
_c20130110
_lUCH01
_h1432
590 _aBATCH-UPD
_b10
_c20130109
_lUCH01
_h2308
590 _aBATCH-UPD
_b10
_c20130110
_lUCH01
_h0453
590 _aBATCH-UPD
_b10
_c20130110
_lUCH01
_h2148
590 _aBATCH-UPD
_b10
_c20130409
_lUCH01
_h1825
590 _aBATCH-UPD
_b10
_c20130914
_lUCH01
_h0906
590 _aCONVERSION
_b10
_c20130109
_lUCH01
_h1344
650 1 4 _aCebolla
_xEnfermedades.
_920765
650 1 4 _aCultivos en invernadero.
_930376
650 1 4 _aInteracción huésped-parásito.
_959512
650 1 4 _aRhizoglyphus robustus.
_997136
650 1 4 _aSclerotium cepivorum.
_9103343
901 _aBK
905 _aLilia Sánchez G.
942 _cFOLL
949 _bBC
_cTES
_d33724000745444
_eTS2
_fc.2
_h34861
_i90975
_sb
949 _bBC
_cTES
_d33724000754230
_eTS2
_fc.3
_h35362
_i90975
_si
949 _bBC
_cTES
_d90975
_eTS1
_h34860
_i90975
_sb
999 _c79552
_d79552